Imatges d'un segle : Centelles 1900 - 2000 Centelles 1900 - 2000
Descripción Física:
51 p. : il. ; 17 cm
MARC
| LEADER | 00000nam a2200000Ia 4500 | ||
|---|---|---|---|
| 001 | 12702 | ||
| 008 | 160829s2000 xx 000 0 cat d | ||
| 080 | |a H-1-229 | ||
| 245 | |a Imatges d'un segle : |b Centelles 1900 - 2000 | ||
| 260 | |a Centelles : |b Ed. el Portal de Centelles, |c 2000 | ||
| 300 | |a 51 p. : |b il. ; |c 17 cm | ||
| 590 | |a A la coberta: vbcrlfAmb la col·laboració de: Ajuntament de Centelles i Diputació de Barcelona | ||
| 650 | |a Centelles |x Llibres de làmines |9 36061 | ||
| 650 | |a Centelles |x Història local |9 36062 | ||
| 710 | 1 | |a Centelles (Catalunya). |b Ajuntament |9 53927 | |
| 710 | 1 | |a Barcelona (Catalunya : Província). |b Diputació |9 52408 | |
| 901 | |a Arxiu | ||
| 942 | |n 1 | ||
| 952 | |0 0 |1 0 |4 0 |6 H1229 |7 1 |9 47162 |a Arxiu |b Arxiu |d 2016-12-01 |l 0 |o H-1-229 |p 12702 |r 2016-12-01 00:00:00 |w 2016-12-01 |y ARXIU | ||
| 999 | |c 50959 |d 50959 | ||